Can you identify the language? - Statistics

General Stats
  • This quiz has been taken 51 times
  • The average score is 8 of 18
Answer Stats
Hint Answer % Correct
你想去航海吗? Mandarin
96%
새 영화 보셨어요? Korean
89%
วันนี้คุณเป็นอย่างไรบ้าง? Thai
82%
Bạn đã đến nhà hàng mới chưa? Vietnamese
76%
Odio la matematica. Italian
58%
Det er en smuk dag ude i dag. Danish
53%
Ke hana maikaʻi nei au. Hawaiian
53%
An mbaineann tú taitneamh as snámh? Irish
51%
Я люблю кветкі. Belarusian
49%
Ես իսկապես չունեմ մեկը: Armenian
44%
Жоқ, мен судан қорқамын. Kazakh
44%
Egy pékségben dolgozom. Nagyon élvezem. Hungarian
40%
म कुकुरहरूलाई घृणा गर्छु। Nepali
29%
ᐃᒃᑮᕐᓇᖅᑐᒻᒪᕆᐅᒻᒪᑦ ᑕᒫᓂ Inuktitut
16%
Kuv npau suav yog ua ib tug kws kho mob ib hnub. Hmong
13%
Man gerai dabar! Lithuanian
11%
Yikuphi ukudla okukhonzile? Zulu
11%
Kilè lapli pral sispann? Mwen vle ale deyò? Creole
7%
No matching quizzes found
Score Distribution
Percent of People with Each Score
Percentile by Number Answered
Your Score History
You have not taken this quiz